Poker Terms/Lingo - Statistics

General Stats
  • This quiz has been taken 670 times
  • The average score is 8 of 12
Answer Stats
Meaning Term % Correct
The First Three Community Cards Flop
92%
The final community card River
91%
Being dealt two of the same card Pocket Pair
81%
4 of a Kind Quads
81%
3 of a Kind Trips
78%
Having four of a suit after the flop or turn Flush Draw
68%
Being Dealt Two Kings Cowboys
67%
When there are no cards in the deck that would create a winning hand for a player Drawing Dead
56%
Losing a hand due to bad luck Bad Beat
52%
Four Nonconsecutive Cards that could lead to a straight Gutshot
52%
What happens when two or more players are still in the hand after the river betting Showdown
52%
Highest Possible Straight (Without a Flush) Broadway
45%
No matching quizzes found
Score Distribution
Percent of People with Each Score
Percentile by Number Answered
Your Score History
You have not taken this quiz